| 000 | 00742cam a2200169 4500 | ||
|---|---|---|---|
| 001 | ABS60820 | ||
| 008 | 000000n1999 000 0 eng u | ||
| 035 | _a(Sirsi) u101318 | ||
| 100 | _aHavercroft, M. | ||
| 245 | _aNIMSA - Mapping in the national interest. | ||
| 260 | _c1999 | ||
| 490 |
_aMapping Awareness _v13(5) May 1999, 22-25(4) |
||
| 520 | _aThe government and Ordnance Survey have entered into a seven year agreement whereby OS provides mapping services which the government assesses as being in the national interest, and received government funding in return. This article examines the background to the project and the anticipated benefits it will bring. | ||
| 650 | _aGIS | ||
| 690 | _aMAPPING AND MEASUREMENT | ||
| 942 | _n0 | ||
| 999 |
_c60467 _d60467 |
||